Crecer bebiendo del propio pozo: taller de crecimiento personal

Saved in:
Bibliographic Details
Main Author: Cabarrús, Carlos Rafael (Author)
Format: Book
Language:Spanish
Published: Bilbao Desclée de Brouwer 1998
Series:Colección Crecimiento Personal
Subjects:
Tags: Add Tag
No Tags, Be the first to tag this record!

MARC

LEADER 00000nam a2200000 a 4500
001 UCP8468
003 CL-VaPUC
008 000303e19980000SP |||||||||||||||||spa|d
082 0 4 |a 158.1  |b CAB  |2 21 
100 0 |a Cabarrús, Carlos Rafael  |e author  |9 438439 
245 1 0 |a Crecer bebiendo del propio pozo: taller de crecimiento personal 
300 |a 161 p 
942 |c BK 
945 |d 20000303 00:00:00  |a rbrito 
260 |a Bilbao  |b Desclée de Brouwer  |c 1998 
650 0 |a Psicología evolutiva   |9 271069 
650 0 |a Terapia  |9 334442 
650 0 |a Vida religiosa  |9 257284 
650 0 |a Comunicación   |9 257251 
583 |a last modification  |c 20000303 00:00:00  |k Rodrigo Vera 
490 0 |a Colección Crecimiento Personal 
999 |c 285364  |d 285362 
952 |0 0  |1 0  |4 0  |6 158_100000000000000_CAB_1998  |7 0  |8 A  |9 329913  |a BIBEDU  |b BIBEDU  |d 2019-11-20  |i 3595900  |o 158.1 CAB 1998  |p 3595900  |r 2019-11-20  |w 2019-11-20  |y BK  |k EPE